000 00390nam a22001697a 4500
003 UA-OsUOA
001 5918
007 ta
008 20050721b un ||||| |||| 00| 0 ukr d
100 _aАрнольд
700 _aИ. В.
942 _cBK
040 _aUA-OsUOA
_cUA-OsUOA
_dUA-OsUOA
245 _aЛексикология совр. англ. языка.
955 _a2
650 7 _2UDC
999 _c292080
_d292080